书目信息 |
| 题名: |
车用混合式发动机
|
|
| 作者: | 倪计民 编著 | |
| 分册: | ||
| 出版信息: | 上海 同济大学出版社 1998.06 |
|
| 页数: | 168页 | |
| 开本: | 32开 | |
| 丛书名: | ||
| 单 册: | ||
| 中图分类: | U464 | |
| 科图分类: | ||
| 主题词: | 汽车工程 | |
| 电子资源: | ||
| ISBN: | 7-5608-1914-1 | |
| 000 | 00551nam0 2200193 45 | |
| 001 | 0009151559 | |
| 005 | 20000915160045.6 | |
| 010 | @a7-5608-1914-1@d22.30元 | |
| 100 | @a20000915d1998 km y0chiy0120 ea | |
| 101 | 0 | @achi |
| 105 | @a z 000yy | |
| 200 | 1 | @a车用混合式发动机@AChe Yong Hun He Shi Fa Dong Ji@f倪计民编著@FNi Ji Min Bian Zhu |
| 210 | @a上海@c同济大学出版社@d1998.06 | |
| 215 | @a168页@d32开 | |
| 606 | 0 | @a汽车工程 |
| 690 | @aU464@v3 | |
| 701 | 0 | @a倪计民@4编著 |
| 801 | @aCN@bPftUser@c20000915 | |
| 905 | @b144030-031@dU464@eN529-1@f2 | |
| 车用混合式发动机/倪计民编著.-上海:同济大学出版社,1998.06 |
| 168页;32开 |
| ISBN 7-5608-1914-1:22.30元 |
| ● |
| 相关链接 |
|
|
|
正题名:车用混合式发动机
索取号:U464/N529-1
 
预约/预借
| 序号 | 登录号 | 条形码 | 馆藏地/架位号 | 状态 | 备注 |
| 1 | 144030 | 201440306 | 自科库501/501自科库 56排3列5层/ [索取号:U464/N529-1] | 在馆 | |
| 2 | 144031 | 201440315 | 自科二线400A/201建筑库 52排3列4层/ [索取号:U464/N529-1] | 在馆 |